000 01045nam a2200289 4500
001 0000018929
003 CO-CtgCURN
005 20250331184735.0
007 ta
008 160627s1999 000 0 eng d
020 _a9701025466
040 _aCO-CtgCURN
_bspa
_ccoctgcurn
082 0 _a537
_bN374l
100 1 _aNeri Vela, Rodolfo.
245 1 0 _aLineas de transmision /
_cRodolfo Neri Vela.
260 _aMexico :
_bMcGraw Hill-Interamericana,
_c1999.
300 _a479 p.
336 _2rdacontent
337 _2rdamedia
_asin mediacion
_bn
338 _2rdacarrier
_avolumen
_bnc
500 _aIncluye indice.
505 8 _aIntroducción a las lineas de transmision.--Teoria de las lineas de dos conductores.--Aplicaciones de las lineas de dos conductores.--Teoria de las guias de ondas.--Algunos componentes fundamentales de los sistemas de guias de ondas
650 1 4 _aCircuitos electricos.
908 _a160627
942 _cBK
_h537
_iN374l
_2ddc
999 _c20997
_d20997